Điều dưỡng nội ngoại khoa (Dùng cho đào tạo hộ sinh trung cấp)
Mỗi bài học bao gồm nội dung cơ bản, phần đầu nhằm cung cấp cho người học những kiến thức cơ bản nhất về một bệnh và phần còn lại là nội dung chăm sóc cho người mắc bệnh tương ứng.
Uloženo v:
| Hlavní autor: | |
|---|---|
| Další autoři: | |
| Médium: | Kniha |
| Jazyk: | Vietnamese |
| Vydáno: |
H.
Giáo dục Việt Nam
2015
|
| Vydání: | Tái bản lần thứ 1 |
| Témata: | |
| Tagy: |
Přidat tag
Žádné tagy, Buďte první, kdo otaguje tento záznam!
|
| Thư viện lưu trữ: | Thư viện Trường Đại học Nam Cần Thơ |
|---|
| LEADER | 01905nam a22002777a 4500 | ||
|---|---|---|---|
| 001 | NCT_60260 | ||
| 008 | 190222b xxu||||| |||| 00| 0 vie d | ||
| 999 | |c 2923 |d 2923 | ||
| 020 | |a 9786040038159 |c 78000 | ||
| 082 | 0 | 4 | |2 23rd ed. |a 610.73 |b H407 |
| 100 | 1 | |a Ngô Huy Hoàng |e Chủ biên | |
| 245 | 1 | 0 | |a Điều dưỡng nội ngoại khoa |b (Dùng cho đào tạo hộ sinh trung cấp) |c Ngô Huy Hoàng, Trần Việt Tiến (chủ biên) |
| 250 | |a Tái bản lần thứ 1 | ||
| 260 | |a H. |b Giáo dục Việt Nam |c 2015 | ||
| 300 | |a 282 tr. |b Hình vẽ |c 27cm | ||
| 500 | |a ĐTTS ghi: Bộ Y tế | ||
| 520 | 3 | |a Mỗi bài học bao gồm nội dung cơ bản, phần đầu nhằm cung cấp cho người học những kiến thức cơ bản nhất về một bệnh và phần còn lại là nội dung chăm sóc cho người mắc bệnh tương ứng. | |
| 653 | |a Y Đa khoa | ||
| 700 | 1 | |a Trần Việt Tiến |e Đồng chủ biên | |
| 942 | |2 ddc |c BK | ||
| 952 | |0 0 |1 0 |2 ddc |4 0 |6 610_730000000000000_H407 |7 0 |9 15760 |a 000001 |b 000001 |d 2019-02-22 |o 610.73 H407 |p MD.14439 |r 2019-02-22 |v 78000.00 |w 2019-02-22 |y BK | ||
| 952 | |0 0 |1 0 |2 ddc |4 0 |6 610_730000000000000_H407 |7 0 |9 15761 |a 000001 |b 000001 |d 2019-02-22 |o 610.73 H407 |p MD.14440 |r 2019-02-22 |v 78000.00 |w 2019-02-22 |y BK | ||
| 952 | |0 0 |1 0 |2 ddc |4 0 |6 610_730000000000000_H407 |7 0 |9 15762 |a 000001 |b 000001 |d 2019-02-22 |l 1 |o 610.73 H407 |p MD.14441 |r 2020-11-20 |s 2020-11-03 |v 78000.00 |w 2019-02-22 |y BK | ||
| 952 | |0 0 |1 0 |2 ddc |4 0 |6 610_730000000000000_H407 |7 0 |9 15763 |a 000001 |b 000001 |d 2019-02-22 |o 610.73 H407 |p MD.14442 |r 2019-02-22 |v 78000.00 |w 2019-02-22 |y BK | ||
| 952 | |0 0 |1 0 |2 ddc |4 0 |6 610_730000000000000_H407 |7 0 |9 15764 |a 000001 |b 000001 |d 2019-02-22 |o 610.73 H407 |p MD.14443 |r 2019-02-22 |v 78000.00 |w 2019-02-22 |y BK | ||
| 980 | |a Thư viện Trường Đại học Nam Cần Thơ | ||


